| 000 | 00804cam a22002414a 4500 | ||
|---|---|---|---|
| 008 | |||
| 020 | _a0821361708 (pbk.) | ||
| 049 | _aMAIN | ||
| 090 |
_aLC67.5 _bEXP |
||
| 110 |
_aWashington D.C. _bWorld Bank |
||
| 245 | 0 | 0 |
_aExpanding opportunities and building competencies for young people : _ba new agenda for secondary education/ _cWorld Bank. |
| 260 |
_aWashington, D.C. : _bWorld Bank, _cc2005. |
||
| 300 |
_axxviii, 300 p. : _bill. ; _c23 cm. |
||
| 490 | 1 | _aDirections in development | |
| 650 | 0 |
_aEducation, Secondary _xEconomic aspects. |
|
| 650 | 0 | _aCompetency based education. | |
| 650 | 0 | _aEducational change | |
| 907 |
_a.b10303856 _b18-06-12 _c23-11-11 |
||
| 003 | |||
| 005 | 20230123125345.0 | ||
| 040 | _cNUST | ||
| 942 |
_cBOOKS _kLC67.5 _mEXP |
||
| 999 |
_c140132 _d140132 |
||